Tilastot visalle Valko-Venäjä-visa

Klikkaa tästä pelataksesi tätä visaa!

Yleistilastot

  • Tätä visaa on pelattu 70 kertaa
  • Keskiarvotulos 14 / 20

Vastaustilastot

VihjeVastaus% Oikein
PääkaupunkiMinsk
100%
Valko-Venäjän naapurimaatVenäjä
100%
Valko-Venäjän naapurimaatPuola
98%
Valko-Venäjän naapurimaatUkraina
98%
Valko-Venäjän naapurimaatLiettua
98%
Valtio, josta Valko-Venäjä itsenäistyi 1990Neuvostoliitto
96%
Valko-Venäjän naapurimaatLatvia
94%
Toiseksi suosituin urheilulaji (jalkapallon jälkeen)Jääkiekko
85%
Valko-Venäjä on ainoa Euroopan valtio, jossa tätä kyseenalaista rangaistusta ei ole lopetettu tai kielletty{Kuoleman}rangaistus
83%
ValuuttaRupla
77%
Valko-Venäjän ensimmäinen ja ainoa presidenttiAljaksandr Lukašenka
77%
Valko-Venäjällä käytetyt aakkosetKyrilliset
75%
25,3% Valko-Venäjän väestöstä kuoli tässä konfliktissa, enemmän kuin missään muussa valtiossaToinen maailmansota
72%
Valko-Venäjän puutteellisten vapauksien vuoksi sitä kutsutaan tällä nimellä:Euroopan viimeinen {diktatuuri}
66%
Katastrofi, joka tuhosi viidesosan maan viljelyalasta 1980-luvullaTšernobylin ydinvoimalaonnettomuus
64%
Merkittävin joki Valko-VenäjälläDnepr
32%
Toiseksi suurin kaupunkiHomel
32%
Valko-Venäjän kansalliseläinVisentti
26%
800–1100-luvuilla olemassa ollut valtio, joka hallitsi nykyisen Valko-Venäjän aluettaKiovan Venäjä
21%
Kolmanneksi suurin kaupunki, sijaitsee yllä olevan varrellaMahiljou
19%

Tulosjakauma

Persentiili vastausten määrän mukaan

Jokaisen tuloksen saaneiden osuus

Tuloshistoriasi

Et ole pelannut tätä visaa